[Event "ch-AUT 2012"]
[Site "Zwettl AUT"]
[Date "2012.07.27"]
[Round "7.22"]
[White "Frank,Emanuel"]
[Black "Ernst,M"]
[Result "0-1"]
[WhiteElo "2053"]
[BlackElo "2182"]

1.e4 e6 2.d4 d5 3.Nc3 Bb4 4.e5 b6 5.a3 Bf8 6.Nf3 Ne7 7.Be3 Qd7 8.Bd3 Nbc6
9.Ng5 Nf5 10.Bxf5 exf5 11.O-O Bb7 12.Re1 O-O-O 13.Qd3 h6 14.Nh3 Nxe5 15.dxe5 d4
16.Bxd4 Qxd4 17.Qxf5+ Qd7 18.Qxd7+ Rxd7 19.Rad1 Rxd1 20.Rxd1 g5 21.Nd5 Bg7
22.Nf6 Bxf6 23.exf6 Re8 24.f3 Re2 25.Rc1 Kd7 26.Nf2 Ke6 27.Nd3 Kxf6 28.Kf1 Rd2
29.Nf2 Ba6+ 30.Kg1 Kg6 31.Ne4 Rd7 32.g4 Bb7 33.Re1 f5 34.Ng3 Bxf3 35.Re6+ Kf7
36.gxf5 Rd2 37.Rxh6 Rxc2 38.Rh7+ Kf6 39.b4 a5 40.bxa5 bxa5 41.Rh6+ Kf7 42.Ra6 Rg2+
43.Kf1 Rxh2 44.Rxa5 Rg2 45.Nh1 Kf6 46.Rc5 Ra2 47.Ng3 c6 48.Rc3 g4 49.Re3 Kg5
50.Re6 Bd5 51.Re3 Kf4 52.Rc3 Bf3 53.Nh5+ Kxf5 54.Rc5+ Ke4 55.Rxc6 Rxa3 56.Ng3+ Kf4
57.Ne2+ Bxe2+ 58.Kxe2 Kg3 59.Kf1 Ra1+ 60.Ke2 Kg2 61.Rc2 Rf1 62.Ke3+ Kg1 63.Rc8 g3
64.Ke2 Rf7 65.Rc1+ Kg2 66.Ra1 Re7+ 67.Kd3 Kh2 68.Ra8 g2 69.Rh8+ Kg1 70.Ra8 Kf2
71.Rf8+ Ke1 72.Rg8 Re2 73.Ra8 Re7 74.Rg8 Kf1 75.Rf8+ Kg1 76.Rf6 Rh7 77.Ra6 Kh1
78.Kd4  0-1

[Event "27th Avoine Open"]
[Site "Avoine FRA"]
[Date "2012.07.28"]
[Round "8.13"]
[White "Purenne,B"]
[Black "Dieu,B"]
[Result "1-0"]
[WhiteElo "2167"]
[BlackElo "2279"]

1.e4 e6 2.d4 d5 3.Nc3 Bb4 4.e5 Ne7 5.a3 Bxc3+ 6.bxc3 c5 7.Nf3 Qa5 8.Bd2 Qa4
9.Bd3 c4 10.Be2 Nbc6 11.O-O Bd7 12.Nh4 O-O-O 13.f4 f6 14.Bh5 Rdf8 15.exf6 gxf6
16.f5 e5 17.Bh6 Rd8 18.Bg7 Rhg8 19.Bxf6 exd4 20.cxd4 Rdf8 21.Bxe7 Nxe7 22.f6 Nc6
23.c3 Qa5 24.Qd2 Bg4 25.f7 Bxh5 26.fxg8=Q Rxg8 27.Qh6 Be2 28.Qe6+  1-0

[Event "23rd Czech Open A"]
[Site "Pardubice CZE"]
[Date "2012.07.28"]
[Round "9.107"]
[White "Perske,Thore"]
[Black "Bartos,J"]
[Result "1/2-1/2"]
[WhiteElo "2064"]
[BlackElo "2239"]

1.e4 e6 2.d4 d5 3.Nc3 Bb4 4.e5 b6 5.a3 Bf8 6.f4 Ne7 7.Nf3 Nf5 8.Bd3 Ba6 9.O-O c5
10.Kh1 Bxd3 11.Qxd3 cxd4 12.Nb5 Nc6 13.Nbxd4 Ncxd4 14.Nxd4 Nxd4 15.Qxd4 Rc8
16.f5 Rc4 17.Qd3 Qc8 18.fxe6 Qxe6 19.Be3 Be7 20.Bd4 Qg6 21.Bc3 Qxd3 22.cxd3 Rc6
23.g3 O-O 24.Kg2 Bc5 25.d4 Be7 26.Kf3 Rc4 27.Ke3 b5 28.Kd3 f6 29.exf6 Rxf6
30.Rxf6 Bxf6 31.b3 Rc6 32.a4 b4 33.Bxb4 Rb6 34.Kc3 Rc6+ 35.Kd3  1/2-1/2

[Event "ch-AUT 2012"]
[Site "Zwettl AUT"]
[Date "2012.07.29"]
[Round "9.21"]
[White "Mesaros,Florian"]
[Black "Neff,G"]
[Result "1-0"]
[WhiteElo "2036"]
[BlackElo "2205"]

1.e4 e6 2.d4 d5 3.Nc3 Bb4 4.e5 Ne7 5.a3 Bxc3+ 6.bxc3 b6 7.Qg4 Ng6 8.Bg5 Qd7
9.h4 h5 10.Qg3 Ba6 11.Bxa6 Nxa6 12.Qd3 Nb8 13.Ne2 c5 14.O-O Nc6 15.Ng3 Rc8
16.Rad1 cxd4 17.cxd4 Nge7 18.Qf3 g6 19.c4 dxc4 20.Ne4 Nd5 21.Nd6+ Kf8 22.Rfe1 c3
23.Bf6 Rh7 24.Nxc8 Qxc8 25.Qd3 Qb7 26.Rc1 Nce7 27.Rxc3 Nxc3 28.Qxc3 Nd5 29.Qc4 Nxf6
30.exf6 Rh8 31.d5 exd5 32.Qb4+ Kg8 33.Re8+ Kh7 34.Rxh8+ Kxh8 35.Qf8+ Kh7
36.Qg7+  1-0

[Event "Dutch Open 2012"]
[Site "Dieren NED"]
[Date "2012.07.31"]
[Round "7.10"]
[White "Zwirs,Nico"]
[Black "Maris,Iv"]
[Result "1-0"]
[WhiteElo "2173"]
[BlackElo "2044"]

1.e4 e6 2.d4 d5 3.Nc3 Bb4 4.e5 Ne7 5.a3 Bxc3+ 6.bxc3 c5 7.Qg4 Qc7 8.Qxg7 Rg8
9.Qxh7 cxd4 10.Ne2 Nbc6 11.f4 dxc3 12.h4 Bd7 13.h5 O-O-O 14.Qd3 Nf5 15.Rb1 Kb8
16.Qxc3 Rg4 17.g3 Rdg8 18.Rg1 Ncd4 19.Qxc7+ Kxc7 20.Nxd4 Nxd4 21.Kf2 Nf5
22.Rb3 Ba4 23.Rc3+ Kd7 24.Be2 d4 25.Rc4 b5 26.Rxa4 bxa4 27.Bxg4 Rxg4 28.Kf3 Rg8
29.g4 Kc6 30.Rh1 Ne7 31.Bd2 Kd5 32.Bb4 Nc6 33.Bd6 f6 34.h6 Rh8 35.Rh5 Rh7
36.g5 d3 37.cxd3 fxg5 38.fxg5 Nd4+ 39.Kg4 Nf5 40.g6 Nxh6+ 41.Kg5 Nf7+ 42.gxf7 Rxf7
43.Rh4 Rf5+ 44.Kg6  1-0

[Event "Politiken Cup 2012"]
[Site "Helsingor DEN"]
[Date "2012.07.31"]
[Round "5.33"]
[White "Nilsson,P1"]
[Black "Nielsen,LA"]
[Result "1/2-1/2"]
[WhiteElo "2078"]
[BlackElo "2254"]

1.e4 e6 2.d4 d5 3.Nc3 Bb4 4.e5 b6 5.Qg4 Bf8 6.Nh3 Ba6 7.Nb5 Ne7 8.Nf4 g6
9.Nxe6 fxe6 10.Qxe6 Bxb5 11.Bxb5+ c6 12.Qf6 Rg8 13.Bd3 Bg7 14.Qh4 Rh8 15.Bg5 Qd7
16.O-O-O Nf5 17.e6 Nxh4 18.exd7+ Nxd7 19.Bxh4 Kf7 20.c3 Rhe8 21.Rhe1 Nf6
22.f3 Bh6+ 23.Kc2 Nh5 24.Rxe8 Rxe8 25.Re1 Be3 26.g4 Nf4 27.Bg3 Nxd3 28.Kxd3 Bh6
29.Rxe8 Kxe8 30.b3 b5 31.c4 Kd7 32.Be5 Ke6 33.cxb5 cxb5 34.f4 Bf8 35.Kc3 a6
36.h3 Be7 37.Bc7 Bf8 38.a4 bxa4 39.bxa4 Be7 40.Kd3 Bb4 41.Ke3 Bc3 42.Be5  1/2-1/2

[Event "FSFMA2 August 2012"]
[Site "Budapest HUN"]
[Date "2012.08.04"]
[Round "1.3"]
[White "Darazs,Z"]
[Black "Jamals,H"]
[Result "1/2-1/2"]
[WhiteElo "2157"]
[BlackElo "2177"]

1.e4 e6 2.d4 d5 3.Nc3 Bb4 4.e5 b6 5.a3 Bxc3+ 6.bxc3 Ba6 7.Bxa6 Nxa6 8.Qg4 Kf8
9.a4 Nb8 10.Ba3+ Ne7 11.a5 Nc6 12.axb6 axb6 13.Ne2 Kg8 14.O-O h6 15.Ng3 Kh7
16.Nh5 Rg8 17.f4 Ra5 18.Bb4  1/2-1/2

[Event "38th Badalona Open A"]
[Site "Badalona ESP"]
[Date "2012.08.06"]
[Round "6.9"]
[White "Fluvia Poyatos,Joa"]
[Black "Prasca Sosa,R"]
[Result "0-1"]
[WhiteElo "2491"]
[BlackElo "2415"]

1.e4 e6 2.d4 d5 3.Nc3 Bb4 4.e5 b6 5.a3 Bf8 6.Nf3 Ne7 7.Bg5 h6 8.Bxe7 Bxe7
9.Bd3 c5 10.O-O Nc6 11.Re1 c4 12.Bf1 a6 13.Ne2 b5 14.g4 h5 15.h3 hxg4 16.hxg4 Bd7
17.Ng3 Qc7 18.Kg2 f6 19.Qd2 fxe5 20.dxe5 O-O-O 21.b3 Rdf8 22.Qe3 Rxf3 23.Qxf3 Bc5
24.b4 Nxe5 25.Qf4 Bd6 26.Qg5 Rh2+  0-1

[Event "Euro Chess Tournament GpA 2012"]
[Site "Borne NED"]
[Date "2012.08.07"]
[Round "2"]
[White "Van Osch,Mees"]
[Black "Finkenflugel,Renzo"]
[Result "1-0"]
[WhiteElo "2071"]
[BlackElo "1922"]

1.e4 e6 2.d4 d5 3.Nc3 Bb4 4.e5 Qd7 5.Qg4 f5 6.Qh5+ Qf7 7.Qxf7+ Kxf7 8.Bd2 b6
9.Nb5 Bxd2+ 10.Kxd2 a6 11.Na3 c5 12.c3 Nc6 13.Nc2 Nge7 14.f4 Bd7 15.Nf3 Rhc8
16.Be2 h6 17.Rhc1 Na5 18.Ne3 c4 19.h3 Ng6 20.g3 b5 21.Ng2 Ke7 22.Nfh4 Nxh4
23.Nxh4 g5 24.Ng2 Rab8 25.Rab1 b4 26.g4 Rb5 27.h4 bxc3+ 28.Kxc3 fxg4 29.Bxg4 Nc6
30.hxg5 hxg5 31.Rh1 Rg8 32.Rh7+ Kd8 33.Rbh1 Nb4 34.Rxd7+ Kxd7 35.Rh7+ Kd8
36.Bxe6 Nxa2+ 37.Kc2 Nb4+ 38.Kd1 Rg6 39.Rd7+ Ke8 40.Rd6 Rb7 41.f5 Rgg7 42.f6 Rh7
43.Bf5 Rh1+ 44.Ke2 Nd3 45.Bg6+  1-0

[Event "Euro Chess Tournament GpA 2012"]
[Site "Borne NED"]
[Date "2012.08.07"]
[Round "3"]
[White "Beerdsen,Thomas"]
[Black "Tan,Jo NED"]
[Result "0-1"]
[WhiteElo "2057"]
[BlackElo "2196"]

1.e4 e6 2.d4 d5 3.Nc3 Bb4 4.e5 b6 5.Qg4 Bf8 6.Nf3 Qd7 7.Be3 Ne7 8.Rd1 Nf5
9.Bd3 Ba6 10.O-O Bxd3 11.Rxd3 Nc6 12.Ne2 O-O-O 13.Rc1 Kb8 14.a3 f6 15.exf6 gxf6
16.c4 h5 17.Qh3 Nce7 18.Nf4 Bh6 19.cxd5 Bxf4 20.Bxf4 Nxd5 21.Bd2 Qb5 22.Ne1 Qxb2
23.Rc2 Qb5 24.Qf3 h4 25.h3 a5 26.Qe4 Nd6 27.Qf3 Qa4 28.Rb3 Nb5 29.Rcb2 Nxd4
30.Qe4 f5  0-1

[Event "16th HZ Open"]
[Site "Vlissingen NED"]
[Date "2012.08.07"]
[Round "5"]
[White "Heredia Tarrats,A"]
[Black "Peeters,Bar"]
[Result "0-1"]
[WhiteElo "2151"]
[BlackElo "1932"]

1.e4 e6 2.d4 d5 3.Nc3 Bb4 4.e5 Ne7 5.Bd2 b6 6.a3 Bxc3 7.Bxc3 Ba6 8.Bxa6 Nxa6
9.Qd3 Nb8 10.Ne2 c5 11.O-O Nd7 12.f4 h5 13.Be1 Nf5 14.c4 dxc4 15.Qe4 cxd4
16.Nxd4 Nxd4 17.Qxd4 Nc5 18.Qxc4 Qd3 19.Rc1 O-O 20.b4 Qxc4 21.Rxc4 Nd3 22.Bh4 Rfc8
23.Rd4 Nc1 24.Re1 Rc3 25.Kf1 Rac8 26.Rdd1 Nd3 27.Re3 Nxf4 28.Rxc3 Rxc3 29.Rd8+ Kh7
30.Rd7 Ng6 31.Bf2 Rxa3 32.Rxf7 Nxe5 33.Re7 Ra1+ 34.Ke2 Ra2+ 35.Kf1 Nc6 36.Rxe6 Nxb4
37.Bd4 Nc2 38.Bc3 Ra3 39.Rc6 Ne3+ 40.Ke2 Nxg2 41.Kf3 Nh4+ 42.Ke4 Ra4+ 43.Kd5 Nf5
44.Ke5 Ne3 45.Rc7 Rc4  0-1

[Event "Euro Chess Tournament GpA 2012"]
[Site "Borne NED"]
[Date "2012.08.09"]
[Round "6"]
[White "Van Osch,Mees"]
[Black "Maatman,Nick"]
[Result "1/2-1/2"]
[WhiteElo "2071"]
[BlackElo "2123"]

1.e4 e6 2.d4 d5 3.Nc3 Bb4 4.e5 Ne7 5.f4 c5 6.Bd2 Nf5 7.Nf3 cxd4 8.Nb5 Bc5
9.Bd3 Bd7 10.b4 Be7 11.Nbxd4 Nxd4 12.Nxd4 Qb6 13.c3 Nc6 14.Be3 Nxd4 15.Bxd4 Qc7
16.O-O g6 17.Kh1 h5 18.f5 gxf5 19.Bxf5 Bb5 20.Bd3 Bxd3 21.Qxd3 Qc4 22.Qxc4 dxc4
23.a4 h4 24.h3 Rg8 25.Rf4 a5 26.b5 Rd8 27.Raf1 Rg7 28.Bb6 Rd2 29.R1f2 Rd1+
30.Kh2 Rg5 31.Re2 Rf5 32.Ree4 Rd5 33.Rxf5 exf5 34.Rxc4 Rxe5 35.Kg1 Re2 36.Kf1 Ra2
37.Bxa5 Bd6 38.Bc7 Bg3 39.Bxg3 hxg3 40.Rf4 Ke7 41.Rxf5 Rxa4 42.Ke2 Ra2+ 43.Kf3 Rf2+
44.Kg4 Rxg2 45.Rf3 Rb2 46.Rxg3 Rxb5 47.h4 Kf6 48.Rf3+ Ke5  1/2-1/2

[Event "FSFMA2 August 2012"]
[Site "Budapest HUN"]
[Date "2012.08.10"]
[Round "7.2"]
[White "Darazs,Z"]
[Black "William,Lee Kah Howe"]
[Result "1/2-1/2"]
[WhiteElo "2157"]
[BlackElo "1798"]

1.e4 e6 2.d4 d5 3.Nc3 Bb4 4.e5 Ne7 5.a3 Bxc3+ 6.bxc3 c5 7.Qg4 O-O 8.Bd3 Nbc6
9.Nf3 f5 10.exf6 Rxf6 11.Bg5 Rf7 12.Qh4 h6 13.Bxe7 Rxe7 14.O-O c4 15.Bg6 Bd7
16.Rfe1 Be8 17.Bxe8 Rxe8 18.Qxd8 Raxd8 19.Rab1 Re7 20.Ne5 Nxe5 21.Rxe5 Rd6  1/2-1/2

[Event "16th HZ Open"]
[Site "Vlissingen NED"]
[Date "2012.08.11"]
[Round "9"]
[White "Hamblok,R"]
[Black "Den Boer,Lennard"]
[Result "1-0"]
[WhiteElo "2239"]
[BlackElo "2014"]

1.e4 e6 2.d4 d5 3.Nc3 Bb4 4.e5 Ne7 5.Bd2 Nf5 6.Nf3 Nc6 7.Bd3 O-O 8.Ne2 Nh4
9.Nxh4 Qxh4 10.c3 Be7 11.Nf4 Bg5 12.g3 Qh6 13.h4 f5 14.Qf3 Bxf4 15.Bxf4 Qg6
16.O-O-O Bd7 17.h5 Qf7 18.Rdg1 Kh8 19.Bg5 Ne7 20.Qg2 Ng8 21.Rh4 Nh6 22.f3 Rg8
23.Bd2 Raf8 24.Rh3 Be8 25.Be3 Qe7 26.Qd2 Nf7 27.Bb1 Nd8 28.Bg5 Qd7 29.h6  1-0

[Event "28th Geraardsbergen Open"]
[Site "Geraardsbergen BEL"]
[Date "2012.08.12"]
[Round "3.13"]
[White "Legemaat,Gerrit"]
[Black "Luminet,D"]
[Result "0-1"]
[WhiteElo "1934"]
[BlackElo "2188"]

1.d4 e6 2.e4 d5 3.Nc3 Bb4 4.e5 b6 5.Qg4 Bf8 6.f4 Nh6 7.Qd1 c5 8.Nf3 Nc6 9.Be3 Bd7
10.Qd2 Nf5 11.Ne2 Nxe3 12.Qxe3 Rc8 13.c3 Be7 14.g3 O-O 15.Bh3 Na5 16.O-O Nc4
17.Qc1 b5 18.b3 Na5 19.Qd2 Qb6 20.Kh1 Nc6 21.a3 a5 22.Rfc1 Rc7 23.c4 dxc4
24.bxc4 Nxd4 25.Nexd4 cxd4 26.Nxd4 Rxc4 27.Rxc4 bxc4 28.Bg2 Rd8 29.Qc3 Rc8
30.Be4 g6 31.Rb1 Qc5 32.Nc2 Ba4 33.Ra1 Rb8 34.Nd4 Rd8 35.Ne2 Rd3 36.Bxd3 Bc6+  0-1

[Event "II Brazil Maringa Open"]
[Site "Maringa BRA"]
[Date "2012.08.12"]
[Round "9.8"]
[White "Feliciano,V"]
[Black "Cavalcanti,F"]
[Result "0-1"]
[WhiteElo "2231"]
[BlackElo "2290"]

1.e4 e6 2.d4 d5 3.Nc3 Bb4 4.e5 b6 5.Qg4 Bf8 6.f4 Ne7 7.Be3 Ba6 8.Bxa6 Nxa6
9.Qe2 Nb8 10.g4 h5 11.f5 hxg4 12.fxe6 fxe6 13.Qxg4 Qd7 14.Nge2 Nf5 15.Bg5 Nc6
16.O-O-O Be7 17.h4 O-O-O 18.h5 Bxg5+ 19.Qxg5 Rh6 20.Qg1 Rdh8 21.Nf4 Nce7
22.Rd3 g5 23.Nfe2 Rxh5 24.Rxh5 Rxh5 25.Ng3 Nxg3 26.Rxg3 Nf5 27.Rxg5 Rxg5
28.Qxg5 Nxd4 29.Qh5 Kb7 30.Ne2 Nxe2+ 31.Qxe2 Qa4 32.a3 Qe4 33.Qxe4 dxe4 34.Kd2 Kc6
35.c4 b5 36.cxb5+ Kxb5  0-1

[Event "FSFMA2 August 2012"]
[Site "Budapest HUN"]
[Date "2012.08.13"]
[Round "10.2"]
[White "Kwapinski,L"]
[Black "Jamals,H"]
[Result "1/2-1/2"]
[WhiteElo "2088"]
[BlackElo "2177"]

1.e4 e6 2.d4 d5 3.Nc3 Bb4 4.e5 Qd7 5.a3 Bxc3+ 6.bxc3 b6 7.Qg4 f5 8.Qg3 Nc6
9.a4 Bb7 10.Nh3 O-O-O  1/2-1/2

[Event "LBV Open A 2012"]
[Site "Roosendaal NED"]
[Date "2012.08.17"]
[Round "2.37"]
[White "De Roode,M"]
[Black "Peeters,Bar"]
[Result "1/2-1/2"]
[WhiteElo "2110"]
[BlackElo "1932"]

1.e4 e6 2.d4 d5 3.Nc3 Bb4 4.e5 Ne7 5.Nf3 c5 6.dxc5 Nbc6 7.Bd3 d4 8.a3 Ba5
9.b4 Nxb4 10.axb4 Bxb4 11.O-O Bxc3 12.Rb1 h6 13.Nd2 Bxd2 14.Bxd2 Qc7 15.Re1 Bd7
16.Qg4 Bc6 17.Qxd4 Rd8 18.Qg4 Rd5 19.Qg3 Kf8 20.Ra1 Qb8 21.c4 Rd7 22.Bb4 g6
23.Rad1 Qd8 24.Bc2 Nf5 25.Rxd7 Qxd7 26.Qd3 Qxd3 27.Bxd3 Ke7 28.Bxf5 exf5
29.Ba5  1/2-1/2

[Event "11th Lichtenberger Sommer 2012"]
[Site "Berlin GER"]
[Date "2012.08.18"]
[Round "1.96"]
[White "Schmidek,Emil"]
[Black "Toth,H"]
[Result "1-0"]
[WhiteElo "1836"]
[BlackElo "1638"]

1.e4 e6 2.d4 d5 3.Nc3 Bb4 4.e5 Ne7 5.Qg4 c5 6.a3 cxd4 7.axb4 dxc3 8.Qxg7 Rg8
9.Qxh7 Qc7 10.Nf3 Nbc6 11.Bb5 Bd7 12.Bxc6 Bxc6 13.bxc3 Bb5 14.Ra3 Qc4 15.Nd4 Rxg2
16.Bd2 Rg4 17.Nxb5 Qxb5 18.Be3 Qc4 19.Qd3 a6 20.Kd2 O-O-O 21.h3 Rg6 22.h4 Nf5
23.Ra5 Qe4 24.Qxe4 dxe4+ 25.Ke2 Nxe3 26.Kxe3 Rg4 27.h5 Rh8 28.b5 Rg5 29.bxa6 bxa6
30.Rxa6 Rhxh5 31.Rxh5 Rxh5 32.Kxe4 Rh4+ 33.f4 Rh2 34.Ra7 Rxc2 35.Kd3 Rf2
36.Rxf7 Kd8 37.c4 Ke8 38.Rf6 Kd7 39.Kd4 Ra2 40.Rf7+ Ke8 41.Rc7 Rf2 42.Ke3 Ra2
43.Kf3 Rc2 44.Ke3 Kd8 45.Rc6 Ke7 46.Kd4 Rf2 47.Rc7+ Kd8 48.Rf7 Ra2 49.Rb7 Rf2
50.Rf7 Ke8 51.Rf6 Kd7 52.Kc5 Rd2 53.Rf7+ Ke8 54.Rh7 Rf2 55.Kd6 Rxf4 56.Kxe6 Kd8
57.c5 Ra4 58.c6 Rg4 59.Rf7 Rg6+ 60.Kd5 Rg1 61.Rf4 Rd1+ 62.Rd4 Rc1 63.Kd6 Rh1
64.e6 Rh5 65.Ra4  1-0

[Event "LBV Open A 2012"]
[Site "Roosendaal NED"]
[Date "2012.08.18"]
[Round "5.30"]
[White "Daamen,Roland"]
[Black "Peeters,Bar"]
[Result "1/2-1/2"]
[WhiteElo "2042"]
[BlackElo "1932"]

1.e4 e6 2.d4 d5 3.Nc3 Bb4 4.e5 Ne7 5.a3 Bxc3+ 6.bxc3 c5 7.Qg4 Kf8 8.h4 Qc7
9.Kd1 Bd7 10.Bd3 c4 11.Be2 Ba4 12.h5 h6 13.Rh3 Nbc6 14.Nf3 Nf5 15.Qf4 Ke8
16.g4 Nfe7 17.Rb1 Kd7 18.Nh4 f6 19.exf6 Qxf4 20.Bxf4 gxf6 21.Rxb7+ Kc8 22.Rb1 Kd7
23.Kd2 Rag8 24.Rhh1 Nd8 25.Rb8 Bc6 26.Rhb1 Nf7 27.Rxg8 Rxg8 28.Rb8 Rxb8 29.Bxb8 a6
30.Ng6 Nc8 31.f4 Ncd6 32.Bf3 Nb5 33.a4 Nbd6 34.Nf8+  1/2-1/2

[Event "11th Lichtenberger Sommer 2012"]
[Site "Berlin GER"]
[Date "2012.08.19"]
[Round "2.82"]
[White "Birkholz,A"]
[Black "Mildenberger,H"]
[Result "1-0"]
[WhiteElo "1882"]
[BlackElo "1626"]

1.e4 e6 2.d4 d5 3.Nc3 Bb4 4.e5 Ne7 5.a3 Bxc3+ 6.bxc3 O-O 7.Bd3 c5 8.Qh5 Ng6
9.Nf3 f5 10.exf6 Qxf6 11.Ng5 Qxf2+ 12.Kd1 Qh4 13.Bxg6 Qxh5+ 14.Bxh5 cxd4
15.cxd4 Nc6 16.Be3 Na5 17.Be2 h6 18.Nf3 Bd7 19.a4 Rac8 20.Ne5 Bc6 21.Kd2 Be8
22.Bg4 Bf7 23.Be2 Nc6 24.Nxc6 Rxc6 25.Rhb1 Bg6 26.Bd3  1-0

[Event "11th Lichtenberger Sommer 2012"]
[Site "Berlin GER"]
[Date "2012.08.21"]
[Round "4.18"]
[White "Niehaus,F"]
[Black "Albrecht,R"]
[Result "1/2-1/2"]
[WhiteElo "2208"]
[BlackElo "2110"]

1.e4 e6 2.d4 d5 3.Nc3 Bb4 4.e5 Ne7 5.a3 Bxc3+ 6.bxc3 b6 7.Qg4 Kf8 8.h4 Ba6
9.h5 h6 10.Nf3 Bxf1 11.Kxf1 Nbc6 12.Nh4 Qd7 13.Qf4 Ke8 14.Rh3 Nd8 15.a4 c5
16.g4 Qb7 17.Kg1 Rc8 18.Ba3 cxd4 19.cxd4 Rc4 20.a5  1/2-1/2

[Event "12th Brasschaat Open"]
[Site "Brasschaat BEL"]
[Date "2012.08.22"]
[Round "5.5"]
[White "Van Riemsdijk,H"]
[Black "Den Boer,Lennard"]
[Result "1-0"]
[WhiteElo "2404"]
[BlackElo "2014"]

1.e4 e6 2.d4 d5 3.Nc3 Bb4 4.e5 Ne7 5.a3 Bxc3+ 6.bxc3 b6 7.h4 h5 8.Be2 g6
9.Bg5 Ba6 10.Bxa6 Nxa6 11.Bf6 Rg8 12.Qd2 Qd7 13.Qg5 c5 14.Ne2 Rc8 15.Rc1 Nb8
16.f3 Nbc6 17.g4 hxg4 18.fxg4 Qc7 19.Qf4 Kd7 20.h5 gxh5 21.gxh5 cxd4 22.cxd4 Rg2
23.h6 Ng6 24.Qe3 Rg4 25.Qd2 Re4 26.Kd1 Na5 27.h7 Nc4 28.Qb4 Ne3+ 29.Ke1 Nf5
30.Kd2 Ngh4 31.Qb5+ Qc6 32.Qxc6+ Rxc6 33.Rxh4  1-0

[Event "12th ch-Euro Seniors"]
[Site "Kaunas LTU"]
[Date "2012.08.23"]
[Round "6.15"]
[White "Wahlbom,M"]
[Black "Nordby,B"]
[Result "1-0"]
[WhiteElo "2289"]
[BlackElo "2150"]

1.e4 e6 2.d4 d5 3.Nc3 Bb4 4.e5 Qd7 5.Qg4 f5 6.Qg3 b6 7.a3 Bf8 8.Nh3 Ba6 9.Bxa6 Nxa6
10.Nf4 c5 11.Nce2 Ne7 12.dxc5 bxc5 13.c4 dxc4 14.Qc3 Nc6 15.Be3 Nc7 16.Rd1 Nd5
17.Qxc4 Nxe5 18.Qa6 Nc7 19.Rxd7 Nxa6 20.Rb7 O-O-O 21.Rxa7 Nc7 22.Rxc7+ Kxc7
23.Nxe6+ Kc8 24.Nxd8 Kxd8 25.O-O Bd6 26.Rd1 Kc7 27.Rc1 Nd3 28.Rc3 Nxb2 29.Bxc5 Na4
30.Bxd6+ Kxd6 31.Rd3+ Ke7 32.Kf1 Rb8 33.Nd4 Kf6 34.Ke2 Rb2+ 35.Rd2 Rb6 36.Rc2 Ke5
37.Nc6+ Kd6 38.Nb4 h6 39.Ke3 Nc5 40.Rd2+ Ke6 41.Rd8 g5 42.Kd4 Nd7 43.Rh8 Rd6+
44.Kc3 Ke7 45.Rh7+ Kd8 46.f3 Kc7 47.Kc4 f4 48.Nd3 Kc6 49.Nb4+ Kb6 50.Re7 Ka5
51.Nd5 Rc6+ 52.Kd4 Rd6 53.Ke4 Kb5 54.h4 Kc4 55.Rxd7  1-0

[Event "2nd Isthmia Open A"]
[Site "Korinthia GRE"]
[Date "2012.08.23"]
[Round "7.10"]
[White "Akshayraj,K"]
[Black "Murillo,Alex"]
[Result "1-0"]
[WhiteElo "2483"]
[BlackElo "2278"]

1.e4 e6 2.d4 d5 3.Nc3 Bb4 4.e5 Qd7 5.a3 Ba5 6.Qg4 f6 7.Nf3 Nc6 8.Bb5 Bxc3+
9.bxc3 a6 10.Bxc6 bxc6 11.Rb1 f5 12.Qg3 a5 13.a4 Ba6 14.h4 O-O-O 15.Ba3 Qf7
16.Ng5 Qe8 17.Kd2 Nh6 18.Nh3 Nf7 19.Nf4 g6 20.Bc5 Kd7 21.c4 Bxc4 22.Qc3 Rb8
23.Qxa5 Rxb1 24.Rxb1 Qa8 25.Qb4 Re8 26.f3 Qa6 27.Ke3 Ra8 28.Bf8 Re8 29.Kf2 Ba2
30.Ra1 Qc4 31.a5 Rxf8 32.Qxf8 Qxd4+ 33.Kg3 Qxa1 34.Qxf7+ Kc8 35.Qxe6+ Kb8
36.Nd3 Bc4 37.Qe8+ Kb7 38.Nc5+ Ka7 39.Kh2 Qe1 40.Qe7 Qxa5 41.Ne6 Qe1 42.Qxc7+ Ka6
43.Qxc6+ Ka5 44.Qc5+ Ka4 45.Qd4 h6 46.Ng7 Ka3 47.h5 gxh5 48.Nxf5 Ka2 49.Qe3 Qb1
50.Nd4 Qb8 51.f4 Qf8  1-0

[Event "EY Boys U16 2012"]
[Site "Prague CZE"]
[Date "2012.08.23"]
[Round "7.27"]
[White "Brenner,Stav"]
[Black "Martins,Dav"]
[Result "0-1"]
[WhiteElo "2034"]
[BlackElo "2123"]

1.e4 e6 2.d4 d5 3.Nc3 Bb4 4.e5 b6 5.a3 Bf8 6.Nf3 Qd7 7.Be3 Ne7 8.Be2 Ba6
9.O-O Nf5 10.Bxa6 Nxa6 11.Qd3 Nb8 12.Ne2 Be7 13.c4 c6 14.b4 Qb7 15.b5 dxc4
16.Qxc4 cxb5 17.Qxb5+ Qd7 18.Qd3 O-O 19.Rac1 Nc6 20.Rfd1 Rfd8 21.Nf4 Nh4
22.Nxh4 Bxh4 23.Qe4 Ne7 24.g3 Bg5 25.Ng2 Bxe3 26.Nxe3 Nd5 27.Nxd5 Qxd5 28.Qxd5 Rxd5
29.f4 Kf8 30.Rc7 Ke8 31.Kf2 Ra5 32.Rd3 Rd8 33.Ke3 h5 34.h3 Rd7 35.Rc1 Ra4
36.g4 hxg4 37.hxg4 b5 38.f5 Ke7 39.Rh1 f6 40.Rh7 Kf7 41.d5 Rxd5 42.Rxd5 exd5
43.e6+ Kg8 44.Rh1 Rxg4 45.Rc1 Rc4 46.Rd1 Re4+ 47.Kf3 Re5 48.Kf4 g6 49.fxg6 Kg7  0-1

[Event "e2e4 Hinckley Open 2012"]
[Site "Hinckley ENG"]
[Date "2012.08.24"]
[Round "1.17"]
[White "Collins,Andrew"]
[Black "Burke,Steven J"]
[Result "0-1"]
[WhiteElo "1716"]
[BlackElo "2041"]

1.e4 e6 2.d4 d5 3.Nc3 Bb4 4.e5 Qd7 5.Qg4 f5 6.Qg3 b6 7.Bb5 Bxc3+ 8.bxc3 Qxb5
9.Qxg7 Ba6 10.Qxh8 Qf1+ 11.Kd2 Qxf2+ 12.Kd1 Qf1+ 13.Kd2 Qxg2+ 14.Ke1 Nc6
15.Qxh7 O-O-O 16.Qf7 Qxh1 17.Qxe6+ Kb7 18.Be3 Qe4 19.Kd2 Na5  0-1

[Event "21st Feffernitz Open"]
[Site "Feffernitz AUT"]
[Date "2012.08.25"]
[Round "8.11"]
[White "Arztmann,Nils"]
[Black "Praznik,A"]
[Result "1/2-1/2"]
[WhiteElo "1897"]
[BlackElo "2138"]

1.e4 e6 2.d4 d5 3.Nc3 Bb4 4.e5 b6 5.a3 Bf8 6.Nf3 a5 7.Bd3 Ba6 8.O-O Qd7 9.Bxa6 Nxa6
10.Qd3 Ne7 11.Ng5 h5 12.Nh7 Nf5 13.Nxf8 Kxf8 14.Ne2 c5 15.c3 c4 16.Qh3 Qe7
17.Ng3 Qh4 18.Qxh4 Nxh4 19.f4 Nf5 20.Nxf5 exf5 21.a4 Ke7 22.b3 Rhc8 23.Ba3+  1/2-1/2

[Event "Botvinnik Memorial 2012"]
[Site "St Petersburg RUS"]
[Date "2012.08.28"]
[Round "4.89"]
[White "Dyakov,Vladislav"]
[Black "Bogachkova,Alena"]
[Result "0-1"]
[WhiteElo "1855"]
[BlackElo "2086"]

1.e4 e6 2.d4 d5 3.Nc3 Bb4 4.e5 Ne7 5.Bd2 c5 6.Nb5 Bxd2+ 7.Qxd2 O-O 8.c3 b6
9.Nd6 Ba6 10.Bxa6 Nxa6 11.f4 Nb8 12.Ne2 Nbc6 13.O-O f5 14.Rf3 Nc8 15.Nb5 a6
16.Na3 c4 17.Ng3 g6 18.Nf1 b5 19.Nc2 Nb6 20.Rh3 Qe7 21.Ne1 a5 22.Nf3 Kg7
23.Ng5 h6 24.Nf3 b4 25.Nh4 bxc3 26.bxc3 Qa3 27.Qe2 Ne7 28.Nxg6 Nxg6 29.Qh5 Rg8
30.Qxh6+ Kf7 31.Qg5 Qe7 32.Rh7+ Rg7 33.Qh6 Rg8 34.Rxg7+ Rxg7 35.Rb1 Na4 36.Ng3 Nf8
37.Rb8 Rg6 38.Qh8 Nxc3 39.Nh5 Ne2+ 40.Kf1 Nxd4 41.Nf6 c3 42.g3 Nc2 43.Kg2 d4
44.Nh7 Ne3+ 45.Kh1 Rg8 46.Rxf8+ Rxf8 47.Nxf8 Qxf8 48.Qf6+ Ke8 49.Qxe6+ Qe7
50.Qc6+ Qd7 51.Qg6+ Kd8 52.Qf6+ Kc8 53.Kg1 c2 54.Qa6+ Qb7 55.Qe6+ Kb8 56.Qd6+ Qc7
57.Qf8+ Ka7  0-1

[Event "11th Istanbul Open A"]
[Site "Istanbul TUR"]
[Date "2012.09.06"]
[Round "7"]
[White "Mecit,E"]
[Black "Belliard,L"]
[Result "1/2-1/2"]
[WhiteElo "2062"]
[BlackElo "2156"]

1.e4 e6 2.d4 d5 3.Nc3 Bb4 4.e5 b6 5.Nf3 Qd7 6.Bd3 Ba6 7.O-O c6 8.Bxa6 Nxa6
9.Qd3 Qb7 10.Nd1 Nc7 11.Bd2 a5 12.a3 Bf8 13.Ne3 Qa6 14.Qxa6 Rxa6 15.c4 b5
16.cxb5 cxb5 17.Rfc1 Kd7 18.Rc2 Be7 19.Rac1 Bd8 20.Ne1 Ra8 21.Nd3 Na6 22.Rc6 Nb8
23.R6c5 Ne7 24.Rxb5 Nbc6 25.Nc5+ Ke8 26.Nc2 Nc8 27.Nb7 Kd7 28.Nxd8 Rxd8 29.Bg5 N8e7
30.Rb7+ Ke8 31.Ne1 Rd7 32.Rxd7 Kxd7 33.Bxe7 Nxe7 34.Nd3 Nf5 35.Nc5+ Ke8 36.Nb7 Nxd4
37.Rc7 Rb8 38.Nd6+ Kd8 39.Rxf7 Rxb2 40.h4 Ne2+ 41.Kh2 d4 42.Rxg7 d3 43.Ne4 Rb3
44.Nc5 Rxa3 45.Nxe6+ Ke8 46.Nc7+ Kf8 47.Rd7 Ra4 48.Rxd3 Rxh4+ 49.Rh3 Rxh3+
50.Kxh3 Nc3 51.Ne6+ Ke7 52.Nc5 a4 53.f4 a3 54.f5 a2 55.Nb3 Ne2 56.g4 Nd4
57.Na1 Nc6 58.e6 Kf6 59.Kh4 Ne7 60.Kh5 Ng8 61.Nc2 h6 62.Na1 Kg7 63.g5 hxg5
64.Kxg5 Nf6 65.Kf4 Kf8 66.Ke5 Ke7 67.Nc2  1/2-1/2

[Event "5th Sabadell Open A"]
[Site "Sabadell ESP"]
[Date "2012.09.07"]
[Round "9"]
[White "Perez Mitjans,O"]
[Black "Gonzalez Rodriguez,JA"]
[Result "1-0"]
[WhiteElo "2504"]
[BlackElo "2396"]

1.e4 e6 2.d4 d5 3.Nc3 Bb4 4.e5 b6 5.Nh3 Qd7 6.Nf4 c6 7.Bd3 Ba6 8.O-O Bf8
9.a4 Bxd3 10.Qxd3 g6 11.Nce2 Bg7 12.b3 c5 13.c3 Nc6 14.Qg3 h5 15.Rb1 Nge7
16.Rd1 Nf5 17.Qh3 Rc8 18.Ng3 Nxg3 19.Qxg3 cxd4 20.cxd4 Ne7 21.Ba3 O-O 22.Qg5 Rfe8
23.g4 hxg4 24.Bxe7 Qxe7 25.Qxg4 Rc3 26.h4 Kh7 27.h5 g5 28.h6 f5 29.exf6 Bxf6
30.Ne2 Rc2 31.Rd3 Qf7 32.Re1 e5 33.Rc3 Rxc3 34.Nxc3 Bh8 35.dxe5 Rxe5 36.Rc1 Rf5
37.Nd1 d4 38.b4 d3 39.Rc6  1-0